| 000 | 00428nam a22001697a 4500 | ||
|---|---|---|---|
| 003 | NUST - PNEC | ||
| 005 | 20170116180904.0 | ||
| 008 | 150902b xxu||||| |||| 00| 0 eng d | ||
| 020 | _a8125905936 | ||
| 040 | _cLIBRARY | ||
| 082 | _a540 KAK | ||
| 100 |
_96514 _aKakar, Anjali |
||
| 245 |
_aChemistry : Model test papers with solutions _cAnjali Kakar |
||
| 260 | _cc1998. | ||
| 650 |
_96515 _aChemistry _xME |
||
| 942 |
_2ddc _cBK |
||
| 999 |
_c65032 _d65032 |
||